000 00534nam a2200169 i 4500
001 86374
003 ES-MaACL
005 20230906175431.0
007 t|
008 041209s1980 sp ||||1| spa d
100 1 _aKevenhoerster, Paul.
_967969
245 1 3 _aEl sistema político del Japón /
_cPaul Kevenhörster ; [traducción de Stefan Glejdura].
260 _aMadrid :
_bCentro de Estudios Constitucionales,
_c1980.
300 _a467 p. ;
_c21 cm.
700 1 _aGlejdura, Stefan.
_957428
852 _aES-MaACL
_jC-25409
_bR.100219
999 _c86374
_d86374